Statistics for Billboard Year-End Hot 100 2014

Click here to take the quiz!

General Stats

  • This quiz has been taken 42 times
  • The average score is 58 of 100

Answer Stats

Song Artist % Correct
2Dark HorseKaty Perry ft. Juicy J
97%
46RoarKaty Perry
97%
23DemonsImagine Dragons
94%
13Shake It OffTaylor Swift
94%
61TrumpetsJason Derulo
91%
6Talk DirtyJason Derulo ft. 2 Chainz
91%
40WiggleJason Derulo ft. Snoop Dogg
91%
8All About That BassMeghan Trainor
91%
9ProblemAriana Grande ft. Iggy Azalea
91%
10Stay With MeSam Smith
91%
37Break FreeAriana Grande ft. Zedd
91%
1HappyPharrell Williams
88%
18TeamLorde
88%
26Black WidowIggy Azalea ft. Rita Ora
88%
11TimberPitbull ft. Ke$ha
88%
3All Of MeJohn Legend
88%
4FancyIggy Azalea ft. Charli XCX
88%
7RudeMAGIC!
84%
29MapsMaroon 5
84%
44Wrecking BallMiley Cyrus
84%
16The MonsterEminem ft. Rihanna
81%
5Counting StarsOneRepublic
81%
36AnacondaNicki Minaj
78%
15Turn Down For WhatDJ Snake & Lil Jon
78%
12PompeiiBastille
78%
22Wake Me Up!Avicii
78%
35Drunk In LoveBeyonce ft. Jay Z
75%
24Story Of My LifeOne Direction
75%
95PartitionBeyonce
75%
55Hold On, We're Going HomeDrake ft. Majid Jordan
75%
970 To 100 / The Catch UpDrake
75%
25ChandelierSia
75%
33SummerCalvin Harris
72%
34Boom ClapCharli XCX
72%
27Bang BangJessie J, Ariana Grande & Nicki Minaj
72%
30LoyalChris Brown ft. Lil Wayne & French Montana Or Too $hort Or Tyga
66%
77New FlameChris Brown ft. Usher & Rick Ross
66%
83Blurred LinesRobin Thicke ft. T.I. + Pharrell
63%
19Let Her GoPassenger
63%
14Am I WrongNico & Vinz
63%
52Don'tEd Sheeran
63%
32Habits (Stay High)Tove Lo
56%
87No MediocreT.I. ft. Iggy Azalea
56%
39BurnEllie Goulding
56%
86Amnesia5 Seconds Of Summer
53%
51A Sky Full Of StarsColdplay
53%
21Let It GoIdina Menzel
53%
85Can't Remember To Forget YouShakira ft. Rihanna
50%
47Ain't It FunParamore
50%
17Say SomethingA Great Big World & Christina Aguilera
50%
45Not A Bad ThingJustin Timberlake
50%
28LatchDisclosure ft. Sam Smith
50%
38BailandoEnrique Iglesias ft. Descemer Bueno & Gente de Zona
50%
48The ManAloe Blacc
47%
84Do What U WantLady Gaga ft. R. Kelly
47%
59Cool KidsEchosmith
47%
41Rather BeClean Bandit ft. Jess Glynne
47%
89Believe MeLil Wayne ft. Drake
44%
69ShowerBecky G
41%
53Na NaTrey Songz
41%
31Best Day Of My LifeAmerican Authors
41%
50ClassicMKTO
38%
94Stay The NightZedd ft. Hayley Williams
38%
70Me And My Broken HeartRixton
38%
42Don't Tell 'EmJeremih ft. YG
38%
71AnimalsMartin Garrix
34%
66DirtFlorida Georgia Line
34%
49This Is How We RollFlorida Georgia Line ft. Luke Bryan
34%
88Come With Me NowKONGOS
31%
652 OnTinashe ft. ScHoolboy Q
31%
58My HittaYG ft. Jeezy & Rich Homie Quan
31%
81BartenderLady Antebellum
31%
92White WallsMacklemore & Ryan Lewis ft. ScHoolboy Q & Hollis
28%
96StudioScHoolboy Q ft. BJ The Chicago Kid
28%
43Show MeKid Ink ft. Chris Brown
28%
78Love Never Felt So GoodMichael Jackson & Justin Timberlake
28%
82La La LaNaughty Boy ft. Sam Smith
25%
75Sweater WeatherThe Neighbourhood
25%
64Play It AgainLuke Bryan
25%
63Burnin' It DownJason Aldean
25%
9023Mike WiLL Made-It ft. Miley Cyrus, Wiz Khalifa & Juicy J
22%
74BraveSara Bareilles
19%
72LifestyleRich Gang ft. Young Thug & Rich Homie Quan
19%
54Hot BoyBobby Shmurda
19%
73American KidsKenny Chesney
16%
91Beachin'Jake Owen
16%
99Somethin' BadMiranda Lambert Duet With Carrie Underwood
16%
76Leave The Night OnSam Hunt
13%
98I Don't DanceLee Brice
13%
79Drunk On A PlaneDierks Bentley
9%
68Bottoms UpBrantley Gilbert
9%

Score Distribution

Percentile by Number Answered

Percent of People with Each Score

Your Score History

You have not taken this quiz